| 000 | 01361cab a22002055a 4500 | ||
|---|---|---|---|
| 001 | L138468 | ||
| 008 | 070611s2007 xxk 000 0 eng d | ||
| 035 | _a(Sirsi) u138468 | ||
| 041 | 0 | _aeng | |
| 100 | 1 | _aDixon, Tim | |
| 245 | 0 | 0 |
_aBuildings and climate change _bresearch round-up |
| 260 | _c2007 | ||
| 490 |
_aProperty Forecast _v10(5) May 2007, 11-13(3) |
||
| 520 | _aExamines recent guidance which has looked at how buildings can be made more efficient and sustainable. Looks at the British Property Foundation's five step process to help landlords and managing energy agents improve the energy performance of their buildings, its les-ter project, and the landlord's energy statement. Briefly notes reports by the National Audit Office (L137656) and RICS (L137395) and provides a detailed appraisal of the United Nations Environment Programme (UNEP) report, "Buildings and climate change: status, challenges and opportunities" (L138489). The UNEP report covers both developed and developing countries and suggests that reducing energy use and improving energy efficiency in buildings can significantly help efforts to fight global warming. | ||
| 590 | _aKA | ||
| 651 | 4 | _aINTERNATIONAL | |
| 690 | _aENVIRONMENTAL AND LAND CONSULTANCY-SUSTAINABILITY | ||
| 690 | _aENVIRONMENTAL AND LAND CONSULTANCY-ENERGY-ENERGY USE-ENERGY EFFICIENCY | ||
| 942 | _n0 | ||
| 999 |
_c78877 _d78877 |
||